000 01336nam a2200241Ia 4500
003 Ost
005 20260507075114.0
008 260507s9999||||xx |||||||||||||| ||und||
020 _a7567119957
040 _cfsecg
041 _aara
082 _a658.403
100 _aالطائي، محمد عبد الحسين آل فرج
_eمؤلف
245 0 _aالمدخل الى نظم المعلومات الإدارية :
_bإدارة تكنولوجيا المعلومات /
_c محمد عبد الحسين آل فرج الطائي
250 _aطبعة 2
260 _aعمان:
_bدار وائل للنشر والتوزيع,
_c2004
300 _a322 صفحة؛
_bإيضاحات ؛
_c24 سم
520 _aنظام المعلومات الإدارية- المفهوم والاركان- الانظمة الفرعية لنظام المعلومات الإدارية- عناصر نظام المعلومات الإدارية- المستلزمات الضرورية لإدارة وتشغيل نظام المعلومات الإدارية- دور نظام المعلومات الإدارية في نجاح المنظمات
653 _aتكنولوجيا المعلومات- الإدارة
653 _aنظم المعلومات الإدارية
653 _aنظم المعلومات- المؤسسة الممتدة
942 _cكتاب
999 _c42992
_d42992